Gleiche Wörter im Namen der Länder - Statistiken

Allgemein
  • Dieses Quiz wurde 974 mal gespielt
  • Das Durchschnittsergebnis liegt bei 11 aus 20
Antwortstatistiken
Wort Land % Korrekt
Südkorea
88%
Reich Frankreich
87%
Südsudan
86%
Süd Südafrika
82%
Neuseeland
81%
Hai Haiti
76%
Reich Österreich
62%
Trinidad und Tobago
53%
Vereinigtes Königreich
52%
Vereinigtes Königreich
52%
Neu Papua Neuguinea
51%
St. Vincent und die Grenadinen
46%
St. Kitts und Nevis
45%
Und Antigua und Barbuda
43%
Thailand
43%
Bosnien und Herzegowina
42%
Vereinigte Staaten
38%
Burundi
37%
São Tomé und Príncipe
36%
Vereinigte Arabische Emirate
33%
Keine übereinstimmenden Quizze gefunden
Verteilung der Resultate
Anzahl Personen mit jedem Resultat
Perzentil nach korrekt beantworteten Fragen
Ihre Resultats-Entwicklung
Sie haben dieses Quiz noch nicht gespielt